| 000 | 00600nam a22002057a 4500 | ||
|---|---|---|---|
| 005 | 20140211150940.0 | ||
| 010 | _aENG-109279 | ||
| 020 |
_a9789381433041 _c995.00 |
||
| 035 | _aEN-92812 | ||
| 037 | _bDBAD/PUB | ||
| 100 | _aSawant, N.R. | ||
| 245 |
_aSimplified basic concepts in sociolinguistics and stylistics / _cby N.R. Sawant |
||
| 250 | _a | ||
| 260 |
_aJaipur _bShruti Publications _c2013 |
||
| 270 |
_a50- Ka-6, Jyoti Nagar _bJaipur _e302005 |
||
| 300 |
_axiii,159p. _c22cm(Hb) |
||
| 500 | _aIncludes bibliographical references | ||
| 700 | _aRathod, Devidas G. | ||
| 942 |
_2ddc _cEN _mSAW |
||
| 999 |
_c82434 _d82434 |
||